The law reports under the superintendence of the Incorporated Council of Law Reporting for England and Wales. Ten years' digest 1891 to 1900... (Record no. 102299)

MARC details
000 -LEADER
fixed length control field 00516cam a2200145 4500
001 - CONTROL NUMBER
control field J119374
008 - FIXED-LENGTH DATA ELEMENTS--GENERAL INFORMATION
fixed length control field 020816n1901 000 0 eng u
035 ## - SYSTEM CONTROL NUMBER
System control number (Sirsi) u119374
050 ## - LIBRARY OF CONGRESS CALL NUMBER
Classification number 348.41047
110 ## - MAIN ENTRY--CORPORATE NAME
Corporate name or jurisdiction name as entry element Incoporated Council of Law Reporting for England and Wales
245 #4 - TITLE STATEMENT
Title The law reports under the superintendence of the Incorporated Council of Law Reporting for England and Wales. Ten years' digest 1891 to 1900...
260 ## - PUBLICATION, DISTRIBUTION, ETC.
Place of publication, distribution, etc. London
Name of publisher, distributor, etc. ICLR
Date of publication, distribution, etc. 1901
300 ## - PHYSICAL DESCRIPTION
Extent cccclxvii,2394p.
Dimensions 24cm.
942 ## - ADDED ENTRY ELEMENTS (KOHA)
Suppress in OPAC 0
Holdings
Withdrawn status Lost status Source of classification or shelving scheme Damaged status Not for loan Home library Current library Shelving location Date acquired Total Checkouts Full call number Barcode Date last seen Copy number Price effective from Koha item type
    Dewey Decimal Classification     London London Reference copy 16/08/2002   Library office shelf L55 30065579 28/05/2024 1 06/08/2019 Reference material